000
00307 a2200157 4500
001
44345
020
_a
8574883034
040
_c
Anchieta - Aquarius
240
1
0
_a
*O barco
_l
por
245
1
0
_a
*O barco
300
_a
362
0
_a
0
440
1
_a
Girassol
650
4
_a
Literatura infantil
942
_c
BK
999
_c
44345
_d
44345